Inovácie a trvalo udržateľný rozvoj
Problematika princípov trvalo udržateľného rozvoja spoločnosti a ich odraz v inovačných aktivitách podnikov. Inovácie a ich riadenie sú súčasťou celkových činností v podnikoch, pričom tieto aktivity sú nevyhnutné pre trvalú existenciu podnikov. V súčasnosti sa zdôrazňuje fakt, aby inovačné snahy bol...
Guardado en:
| Autor principal: | |
|---|---|
| Formato: | Capítulo de libro |
| Lenguaje: | eslovaco |
| Materias: | |
| Etiquetas: |
Sin Etiquetas, Sea el primero en etiquetar este registro!
|
MARC
| LEADER | 00000nla$a2200000$$$4500 | ||
|---|---|---|---|
| 001 | 0068833 | ||
| 005 | 20220926083910.6 | ||
| 041 | 0 | |a slo | |
| 044 | |a SK | ||
| 245 | 1 | 0 | |a Inovácie a trvalo udržateľný rozvoj |c Soňa Jirásková |
| 520 | |a Problematika princípov trvalo udržateľného rozvoja spoločnosti a ich odraz v inovačných aktivitách podnikov. Inovácie a ich riadenie sú súčasťou celkových činností v podnikoch, pričom tieto aktivity sú nevyhnutné pre trvalú existenciu podnikov. V súčasnosti sa zdôrazňuje fakt, aby inovačné snahy boli v súlade i s princípmi trvalo udržateľného rozvoja. | ||
| 610 | 2 | 0 | |a rozvoj trvalo udržateľný |
| 610 | 2 | 0 | |a stratégia inovačná |
| 610 | 2 | 0 | |a rozvoj hospodársky |
| 610 | 2 | 0 | |a politika sociálna |
| 610 | 2 | 0 | |a politika štruktúrna |
| 610 | 2 | 0 | |a Slovensko |
| 610 | 2 | 0 | |a politika environmentálna |
| 610 | 2 | 0 | |a inovácia |
| 100 | 1 | |a Jirásková, Soňa | |